000
00194 a2200085 4500
020
_a
9781599953687
100
_a
John C. Maxwell
245
_a
HOW SUCCESSFUL PEOPLE GROW
260
_b
Center st
_c
2014
999
_c
13286
_d
13286